Les 5 recrues les plus chères des 20 clubs de Premier League - 2023/24 - Statistiques

Statistiques générales
  • Ce quiz a été pris 112 fois
  • Le résultat moyen est 18 sur 95
Statistiques - réponses
Club Nationalité Valeur Joueur % Correct
Manchester City Croatie 90M Josko Gvardiol
89%
Manchester City Croatie 29.1M Mateo Kovacic
74%
Arsenal Angleterre 116M Declan Rice
71%
Manchester City Belgique 60M Jérémy Doku
68%
Chelsea Equateur 116M Moisés Caicedo
68%
Arsenal Allemagne 75M Kai Havertz
67%
Manchester United Cameroun 52.5M André Onana
57%
Chelsea France 45M Axel Disasi
54%
Manchester United Danemark 75M Rasmus Hojlund
54%
Liverpool Argentine 42M Alexis Mac Allister
52%
Arsenal Pays-Bas 40M Jurrien Timber
52%
Manchester United (prêt) Maroc 10M Sofyan Amrabat
51%
Manchester City Portugal 62M Matheus Nunes
48%
Newcastle Italie 64M Sandro Tonali
48%
Manchester United Angleterre 64.2M Mason Mount
46%
Chelsea France 60M Christopher Nkunku
44%
Liverpool Hongrie 70M Dominik Szoboszlai
43%
Liverpool Japon 20M Wataru Endo
43%
Aston Villa France 55M Moussa Diaby
40%
Tottenham Pays-Bas 40M Micky Van de Ven
33%
Tottenham Suéde 30M Dejan Kulusevski
32%
West Ham Ghana 43M Mohammed Kudus
32%
Chelsea Belgique 62.1M Roméo Lavia
32%
Liverpool Pays-Bas 40M Ryan Gravenberch
31%
Tottenham Angleterre 46.3M James Maddison
30%
Chelsea Angleterre 47M Cole Palmer
28%
Arsenal (prêt) Espagne 3.34M David Raya
28%
Aston Villa Espagne 33M Pau Torres
28%
Tottenham Espagne 40M Pedro Porro
27%
Aston Villa Belgique Transfert libre Youri Tielemans
25%
West Ham Mexique 38M Edson Alvarez
23%
Tottenham Pays de Galles 55M Brennan Johnson
20%
Newcastle Angleterre 44M Harvey Barnes
19%
Brighton Brésil 34.2M Joao Pedro
19%
Nottingham Forest Nouvelle-Zélande 17M Chris Wood
18%
Wolverhampton Brésil 50M Matheus Cunha
16%
Manchester United Turquie 5M Altay Bayindir
15%
Nottingham Forest Suède 17.5M Anthony Elanga
13%
West Ham Angleterre 34.8M James Ward-Prowse
13%
Nottingham Forest Cote d'Ivoire 35M Ibrahim Sangaré
12%
Newcastle Angleterre 37.2M Tino Livramento
12%
Brighton Cameroun 27M Carlos Baleba
11%
Aston Villa (prêt) France Prêt gratuit Clément Lenglet
11%
West Ham Grèce 20M Konstantinos Mavropanos
11%
Fulham Mexique 6.4M Raul Jimenez
11%
Aston Villa (prêt) Italie 5M Nicolo Zaniolo
10%
Crystal Palace Colombie Transfert libre Jefferson Lerma
9%
Brentford Allemagne 25M Kevin Schade
8%
Everton Portugal 25M Beto
6%
Everton (prêt) Pays-Bas 3M Arnaut Danjuma
5%
Sheffield United Cote d'Ivoire 4.6M Bénie Traoré
5%
Wolverhampton Mali 11M Boubacar Traoré
5%
Bournemouth Cote d'Ivoire 25.62M Hamed Junior Traoré
5%
Brentford Pays-Bas 13M Mark Flekken
5%
Bournemouth Hongrie 17.87M Milos Kerkez
5%
Brentford (prêt) France Prêt gratuit Neal Maupay
5%
Bournemouth France 15M Romain Faivre
5%
Bournemouth Etats-Unis 26.9M Tyler Adams
5%
Burnley Suisse 18.6M Zeki Amdouni
5%
Fulham Nigeria 25.7M Alex Iwobi
4%
Wolverhampton France 15M Jean-Ricner Bellegarde
4%
Newcastle (prêt) Angleterre Prêt gratuit Lewis Hall
4%
Burnley Norvège 13.9M Sander Berge
4%
Fulham Belgique 13M Timothy Castagne
4%
Burnley Angleterre 16.45M Aaron Ramsey
3%
Brighton Pays-Bas 20M Bart Verbruggen
3%
Fulham Nigeria 22.5M Calvin Bassey
3%
Crystal Palace Angleterre 17.5M Dean Henderson
3%
Brighton Brésil 17M Igor
3%
Everton Portugal 12.5M Chermiti
2%
Burnley Angleterre 17.3M James Trafford
2%
Burnley Allemagne 15M Jordan Beyer
2%
Luton Town Danemark 3.5M Mads Andersen
2%
Luton Town Zimbabwe 2.9M Marvelous Nakamba
2%
Nottingham Forest Brésil 12M Murillo
2%
Brentford Irlande 26.85M Nathan Colins
2%
Fulham Allemagne 870k Steven Benda
2%
Luton Town Pays-Bas 4.7M Tahith Chong
2%
Bournemouth Angleterre 23M Alex Scott
1%
Nottingham Forest Irlande 12.85M Andrew Omobamidele
1%
West Ham Ecosse 1.76M Andy Irving
1%
Everton Angleterre Transfert libre Ashley Young
1%
Sheffield United Etats-Unis 5.8M Auston Trusty
1%
Sheffield United Angleterre 21.55M Cameron Archer
1%
Wolverhampton Paraguay 6M Enso Gonzalez
1%
Sheffield United Pays-Bas 17.3M Gustavo Hamer
1%
Everton (prêt) Angleterre Prêt gratuit Jack Harrison
1%
Luton Town Ecosse 2.9M Jacob Brown
1%
Crystal Palace Brésil 20M Matheus França
1%
Crystal Palace Angleterre 1.20M Rob Holding
1%
Luton Town Angleterre 5.85M Ryan Giles
1%
Wolverhampton Uruguay 12M Santiago Bueno
1%
Sheffield United Brésil 12.5M Vini Souza
1%
Newcastle Gambie 8M Yankuba Minteh
1%
Brighton Roumanie 3M Adrian Mazilu
0%
Aucun quiz correspondant
Distribution des résultats
% des personnes avec chaque résultat
Percentile par nombre de réponses
Votre historique - résultats
Vous n’avez pas pris ce quiz